Municipalities of Tokushima - Click Map - Statistics

General Stats
  • This quiz has been taken 4 times
  • The average score is 18 of 24
Answers on the Map
Answers color-coded by a green-red scale on the quiz's map according to % correct below.
 
Answer Stats
Answer % Correct
Anan 阿南市 あなんし
100%
Higashimiyoshi 東みよし町 ひがしみよしちょう
100%
Kaiyo 海陽町 かいじょうちょう
100%
Komatsushima 小松島市 こまつしまし
100%
Mima 美馬市 みまし
100%
Miyoshi 三好市 みよしし
100%
Naka 那賀町 なかちょう
100%
Naruto 鳴門市 なるとし
100%
Tokushima 徳島市 とくしまし
100%
Yoshinogawa 吉野川市 よしのがわし
100%
Aizumi 藍住町 あいずみちょう
67%
Awa 阿波市 あわし
67%
Ishii 石井町 いしいちょう
67%
Itano 板野町 いたのちょう
67%
Kamiyama 神山町 かみやまちょう
67%
Katsuura 勝浦町 かつうらちょう
67%
Kitajima 北島町 きたじまちょう
67%
Matsushige 松茂町 まつしげちょう
67%
Minami 美波町 みなみちょう
67%
Mugi 牟岐町 むぎちょう
67%
Sanagochi 佐那河内村 さなごうちそん
67%
Kamiita 上板町 かみいたちょう
33%
Kamikatsu 上勝町 かみかつちょう
33%
Tsurugi つるぎ町 つるぎちょう
33%
No matching quizzes found
Score Distribution
Percent of People with Each Score
Percentile by Number Answered
Your Score History
You have not taken this quiz